000 00725nam a2200205Ii 4500
003 JO-AjNU
008 230605s9999||||xx |||||||||||||| ||und||
040 _aJO-AjNU
_bara
_erda
_cJO-AjNU
041 _aara
050 1 4 _aBP170.J3248 1995
100 3 _aالجابي، سليم,
_eauthor
_913637
245 0 0 _aالرأي في المرأة والحرية والتراث حول حوار الدكتور البوطي والصحفي فياض
250 _aط2
264 3 1 _aبيروت: دار الجيل، 1995
300 _a223ص
336 _atext
_btxt
_2rdacontent
337 _aunmediated
_bn
_2rdamedia
338 _avolume
_bnc
_2rdacarrier
650 4 _aالحوار في الاسلام- المرأة المسلمة
_913638
999 _aA3447
_c7015
_d7015